[Event "SVK-chT2C 2223"]
[Site "Slovakia"]
[Date "2023.03.25"]
[Round "10.2"]
[White "Holly, Andrej"]
[Black "Zagrapan, Pavol"]
[Result "1/2-1/2"]
[WhiteElo "2141"]
[BlackElo "2057"]
[PlyCount "71"]
[EventDate "2022.10.08"]
[EventType "team-tourn"]
[EventRounds "11"]
[EventCountry "SVK"]
[SourceTitle "EXT 2024"]
[Source "ChessBase"]
[SourceDate "2023.10.10"]
[SourceVersion "1"]
[SourceVersionDate "2023.10.10"]
[SourceQuality "1"]
[WhiteTeam "Ondrasova Krivan"]
[BlackTeam "Cadca Caissa II"]
[WhiteTeamCountry "SVK"]
[BlackTeamCountry "SVK"]

1. e4 e6 2. d4 d5 3. Bd3 dxe4 4. Bxe4 c5 5. Ne2 Nf6 6. Bf3 Nc6 7. Be3 e5 8. Bxc6+ bxc6 9. dxe5 Qxd1+ 10. Kxd1 Ng4 11. Ng3 Nxe5 12. Re1 Be6 13. Nd2 0-0-0 14. b3 Ng4 15. c4 Bd6 16. Ke2 Rhe8 17. Nge4 Be5 18. Rad1 f5 19. Bg5 fxe4 20. Bxd8 Rxd8 21. Nxe4 Bd4 22. h3 Bf5 23. Ng3 Re8+ 24. Kf1 Rxe1+ 25. Rxe1 Bd3+ 26. Ne2 Nxf2 27. Kg1 Nxh3+ 28. Kh2 Nf2 29. Nxd4 cxd4 30. Kg1 Ng4 31. Rd1 Ne5 32. Re1 Bc2 33. Rxe5 d3 34. Re8+ Kc7 35. Re7+ Kc8 36. Re8+ 1/2-1/2

[Event "SVK-chT2C 2223"]
[Site "Slovakia"]
[Date "2022.11.13"]
[Round "4.4"]
[White "Marsina, Stefan"]
[Black "Zagrapan, Pavol"]
[Result "0-1"]
[WhiteElo "1766"]
[BlackElo "2061"]
[PlyCount "58"]
[EventDate "2022.10.08"]
[EventType "team-tourn"]
[EventRounds "11"]
[EventCountry "SVK"]
[SourceTitle "EXT 2024"]
[Source "ChessBase"]
[SourceDate "2023.10.10"]
[SourceVersion "1"]
[SourceVersionDate "2023.10.10"]
[SourceQuality "1"]
[WhiteTeam "Dunajov Martin III"]
[BlackTeam "Cadca Caissa II"]
[WhiteTeamCountry "SVK"]
[BlackTeamCountry "SVK"]

1. d4 e6 2. Nf3 f5 3. c4 Nf6 4. Bg5 Be7 5. Nc3 b6 6. d5 Nxd5 7. Nxd5 Bxg5 8. Nxg5 c6 9. Nf3 cxd5 10. cxd5 Qe7 11. Rc1 0-0 12. Qb3 Bb7 13. dxe6 dxe6 14. e3 Na6 15. Bc4 Nc5 16. Qc3 Rac8 17. 0-0 Bxf3 18. gxf3 Qh4 19. Qd4 f4 20. Qe5 Rf6 21. Kh1 Rcf8 22. Rg1 Qxf2 23. Rcf1 Qxe3 24. Qh5 Kh8 25. Re1 Qd4 26. b3 Nd3 27. Bxd3 Qxd3 28. Rd1 Qe2 29. Rd7 Rh6 0-1

[Event "SVK-chT2C 2223"]
[Site "Slovakia"]
[Date "2022.11.12"]
[Round "3.4"]
[White "Zagrapan, Pavol"]
[Black "Zavarsky, Juraj"]
[Result "1/2-1/2"]
[WhiteElo "2061"]
[BlackElo "1950"]
[PlyCount "59"]
[EventDate "2022.10.08"]
[EventType "team-tourn"]
[EventRounds "11"]
[EventCountry "SVK"]
[SourceTitle "EXT 2024"]
[Source "ChessBase"]
[SourceDate "2023.10.10"]
[SourceVersion "1"]
[SourceVersionDate "2023.10.10"]
[SourceQuality "1"]
[WhiteTeam "Cadca Caissa II"]
[BlackTeam "Martin Medea"]
[WhiteTeamCountry "SVK"]
[BlackTeamCountry "SVK"]

1. e4 c5 2. Nf3 Nc6 3. Bb5 Na5 4. 0-0 a6 5. Be2 e6 6. d4 cxd4 7. Nxd4 Qc7 8. Nc3 Nf6 9. Re1 Be7 10. Bg5 0-0 11. Bh4 d6 12. Bd3 Nc4 13. Bxc4 Qxc4 14. Re3 Qc7 15. Rg3 Ne8 16. Bxe7 Qxe7 17. Qe2 Bd7 18. Rd1 Rc8 19. f4 Rc5 20. Nb3 Rc8 21. e5 Bc6 22. exd6 Nxd6 23. Nd4 Qc7 24. Qe5 Ne8 25. Nxc6 Qxc6 26. Ne2 Qc5+ 27. Qxc5 Rxc5 28. Rc3 Rxc3 29. Nxc3 Nf6 30. Kf2 1/2-1/2

[Event "SVK-chT2C 2223"]
[Site "Slovakia"]
[Date "2022.10.09"]
[Round "2.2"]
[White "Gorcsi, Gabor"]
[Black "Zagrapan, Pavol"]
[Result "1/2-1/2"]
[WhiteElo "2202"]
[BlackElo "2057"]
[PlyCount "28"]
[EventDate "2022.10.08"]
[EventType "team-tourn"]
[EventRounds "11"]
[EventCountry "SVK"]
[SourceTitle "CBM 210 Extra"]
[Source "ChessBase"]
[SourceDate "2022.11.30"]
[SourceVersion "1"]
[SourceVersionDate "2022.11.30"]
[SourceQuality "1"]
[WhiteTeam "Vinica"]
[BlackTeam "Cadca Caissa II"]
[WhiteTeamCountry "SVK"]
[BlackTeamCountry "SVK"]

1. d4 e6 2. c4 f5 3. Nc3 Nf6 4. Bg5 Be7 5. Qc2 Ne4 6. Bxe7 Qxe7 7. e3 b6 8. Bd3 Bb7 9. Bxe4 fxe4 10. a3 0-0 11. Nge2 d5 12. h4 c6 13. Nf4 Na6 14. Rd1 Nc7 1/2-1/2

[Event "SVK-chT2C 1718"]
[Site "Slovakia"]
[Date "2018.02.25"]
[Round "9.4"]
[White "Zagrapan, Pavol"]
[Black "Holly, Andrej"]
[Result "1-0"]
[WhiteElo "2025"]
[BlackElo "1848"]
[PlyCount "51"]
[EventDate "2017.10.28"]
[EventType "team-tourn"]
[EventRounds "11"]
[EventCountry "SVK"]
[SourceTitle "EXT 2019"]
[Source "ChessBase"]
[SourceDate "2018.10.10"]
[SourceVersion "1"]
[SourceVersionDate "2018.10.10"]
[SourceQuality "1"]
[WhiteTeam "Cadca Caissa"]
[BlackTeam "Ondrasova Krivan"]
[WhiteTeamCountry "SVK"]
[BlackTeamCountry "SVK"]

1. e4 e6 2. d4 d5 3. Nc3 dxe4 4. Nxe4 Bd7 5. Bd3 Bc6 6. Nf3 Nd7 7. Qe2 Ngf6 8. Neg5 Bxf3 9. Nxf3 c5 10. 0-0 cxd4 11. Nxd4 Be7 12. Re1 a6 13. Bg5 Nc5 14. Rad1 Nd5 15. Bxe7 Qxe7 16. Nf5 Qf6 17. Nd6+ Ke7 18. Ne4 Nxe4 19. Bxe4 Nf4 20. Qc4 Rhd8 21. Bxb7 Qg5 22. Bxa8 Rxa8 23. Qe4 Rb8 24. Rd4 Nh3+ 25. Kf1 Qb5+ 26. c4 1-0

[Event "SVK-chT2C 1718"]
[Site "Slovakia"]
[Date "2017.10.28"]
[Round "1.3"]
[White "Druska, Robert"]
[Black "Zagrapan, Pavol"]
[Result "1-0"]
[WhiteElo "1882"]
[BlackElo "2033"]
[PlyCount "57"]
[EventDate "2017.10.28"]
[EventType "team-tourn"]
[EventRounds "11"]
[EventCountry "SVK"]
[SourceTitle "CBM 181 Extra"]
[Source "ChessBase"]
[SourceDate "2017.12.12"]
[SourceVersion "1"]
[SourceVersionDate "2017.12.12"]
[SourceQuality "1"]
[WhiteTeam "Liptovska Stiavnica"]
[BlackTeam "Cadca Caissa"]
[WhiteTeamCountry "SVK"]
[BlackTeamCountry "SVK"]

1. e4 e6 2. Qe2 Be7 3. Nf3 d5 4. d3 Nf6 5. g3 b6 6. Bg2 Bb7 7. e5 Nfd7 8. Nc3 c5 9. 0-0 Nc6 10. h4 a6 11. Ng5 Ndxe5 12. f4 Ng6 13. Nxf7 Kxf7 14. f5 Nge5 15. Qh5+ Kg8 16. fxe6 Qe8 17. Rf7 Rd8 18. Bxd5 Rxd5 19. Rxg7+ Kf8 20. Qh6 Nf3+ 21. Kh1 Qh5 22. Nxd5 Qxh6 23. Bxh6 Ke8 24. Rf1 Nfe5 25. Rf5 Ng6 26. Kh2 Nce5 27. Rxe5 Nxe5 28. Rxe7+ Kd8 29. Rxb7 1-0

[Event "SVK-chT2C 1415"]
[Site "Slovakia"]
[Date "2015.03.07"]
[Round "10.2"]
[White "Zagrapan, Pavol"]
[Black "Zbirka, Peter"]
[Result "0-1"]
[WhiteElo "2070"]
[BlackElo "2010"]
[PlyCount "78"]
[EventDate "2014.10.11"]
[EventType "team-tourn"]
[EventRounds "11"]
[EventCountry "SVK"]
[SourceTitle "EXT 2016"]
[Source "ChessBase"]
[SourceDate "2015.10.08"]
[SourceVersion "1"]
[SourceVersionDate "2015.10.08"]
[SourceQuality "1"]
[WhiteTeam "Cadca Caissa II"]
[BlackTeam "Podbrezova ZP Sport"]
[WhiteTeamCountry "SVK"]
[BlackTeamCountry "SVK"]

1. e4 c5 2. Nf3 d6 3. c3 g6 4. d4 cxd4 5. cxd4 Bg7 6. Be2 Nf6 7. Nc3 0-0 8. 0-0 a6 9. h3 b5 10. a3 Bb7 11. Bd3 Nc6 12. Be3 Rc8 13. Rc1 Na5 14. b4 Nc4 15. Bxc4 Rxc4 16. Nd2 Rc8 17. Qb3 Qd7 18. d5 Rb8 19. Bd4 Rfc8 20. Ne2 Qe8 21. Qb2 Rxc1 22. Rxc1 Rc8 23. f3 Rxc1+ 24. Nxc1 Qc8 25. Nd3 Qc7 26. Qc3 Nxd5 27. Qa1 Bxd4+ 28. Qxd4 Qb6 29. Qxb6 Nxb6 30. Kf2 Kg7 31. Ke3 e5 32. g4 Kf6 33. f4 exf4+ 34. Kxf4 Nc4 35. Nb1 g5+ 36. Kf3 Ke6 37. h4 h6 38. h5 f6 39. Nf2 Ke5 0-1

[Event "SVK-chT2C 1415"]
[Site "Slovakia"]
[Date "2014.12.07"]
[Round "6.2"]
[White "Zvarik, Martin"]
[Black "Zagrapan, Pavol"]
[Result "1-0"]
[WhiteElo "2243"]
[BlackElo "2070"]
[PlyCount "61"]
[EventDate "2014.10.11"]
[EventType "team-tourn"]
[EventRounds "11"]
[EventCountry "SVK"]
[SourceTitle "EXT 2016"]
[Source "ChessBase"]
[SourceDate "2015.10.08"]
[SourceVersion "1"]
[SourceVersionDate "2015.10.08"]
[SourceQuality "1"]
[WhiteTeam "Zilina Mladost II"]
[BlackTeam "Cadca Caissa II"]
[WhiteTeamCountry "SVK"]
[BlackTeamCountry "SVK"]

1. Nf3 Nf6 2. c4 g6 3. g3 Bg7 4. Bg2 0-0 5. 0-0 d5 6. cxd5 Nxd5 7. Nc3 Nc6 8. d4 Nb6 9. e3 Bg4 10. h3 Be6 11. Kh2 h5 12. b3 a5 13. Bb2 a4 14. Ng5 Bd7 15. Ba3 axb3 16. axb3 Ra5 17. Nge4 Re8 18. Nc5 Bc8 19. b4 Ra7 20. b5 Nb8 21. Bb4 Rxa1 22. Qxa1 e5 23. Rd1 exd4 24. exd4 h4 25. Qc1 hxg3+ 26. fxg3 Qe7 27. Na6 Qd8 28. Nxb8 Bf5 29. Na6 bxa6 30. bxa6 Bxd4 31. Nb5 1-0

[Event "SVK-chT2C 1415"]
[Site "Slovakia"]
[Date "2014.11.09"]
[Round "4.2"]
[White "Zagrapan, Pavol"]
[Black "Svana, Peter"]
[Result "1-0"]
[WhiteElo "2070"]
[BlackElo "2209"]
[PlyCount "45"]
[EventDate "2014.10.11"]
[EventType "team-tourn"]
[EventRounds "11"]
[EventCountry "SVK"]
[SourceTitle "EXT 2016"]
[Source "ChessBase"]
[SourceDate "2015.10.08"]
[SourceVersion "1"]
[SourceVersionDate "2015.10.08"]
[SourceQuality "1"]
[WhiteTeam "Cadca Caissa II"]
[BlackTeam "Kysucke Nove Mesto"]
[WhiteTeamCountry "SVK"]
[BlackTeamCountry "SVK"]

1. e4 c5 2. Nf3 e6 3. d4 cxd4 4. Nxd4 a6 5. Nc3 b5 6. g3 Bb7 7. Bg2 Nf6 8. a3 b4 9. axb4 Bxb4 10. 0-0 Bxc3 11. bxc3 Bxe4 12. Bxe4 Nxe4 13. Qg4 f5 14. Qxg7 Qf6 15. Nxe6 dxe6 16. Qb7 0-0 17. Qxa8 Nd7 18. Qxa6 Nxc3 19. Bb2 Nc5 20. Bxc3 Qxc3 21. Qc6 Rf7 22. Ra8+ Kg7 23. Rc8 1-0

[Event "SVK-chT 1415"]
[Site "Slovakia"]
[Date "2014.10.26"]
[Round "2.6"]
[White "Zagrapan, Pavol"]
[Black "Nayhebaver, Martin"]
[Result "0-1"]
[WhiteElo "2070"]
[BlackElo "2301"]
[PlyCount "74"]
[EventDate "2014.10.25"]
[EventType "team-tourn"]
[EventRounds "11"]
[EventCountry "SVK"]
[SourceTitle "EXT 2015"]
[Source "ChessBase"]
[SourceDate "2014.11.20"]
[SourceVersion "1"]
[SourceVersionDate "2014.11.20"]
[SourceQuality "1"]
[WhiteTeam "Cadca"]
[BlackTeam "Stara Lubovna"]
[WhiteTeamCountry "SVK"]
[BlackTeamCountry "SVK"]

1. e4 c5 2. Nf3 d6 3. Bb5+ Nd7 4. 0-0 Ngf6 5. d4 cxd4 6. Qxd4 a6 7. Ba4 b5 8. Bb3 e5 9. Qd1 Nc5 10. Bg5 Nxb3 11. axb3 Bb7 12. Nc3 Be7 13. Bxf6 Bxf6 14. Qd3 0-0 15. Rfd1 Be7 16. Nd5 Bxd5 17. Qxd5 Qb6 18. b4 g6 19. c3 Kh8 20. Rd2 Ra7 21. Rad1 Rc7 22. h4 Kg7 23. Re2 a5 24. bxa5 Qxa5 25. h5 Qb6 26. Qd2 Rc4 27. hxg6 hxg6 28. Qe3 Qb7 29. Nd2 Rcc8 30. Qg3 Rh8 31. f4 Rh5 32. Nf3 Qa7+ 33. Qf2 Qa4 34. Ree1 Rch8 35. g3 Qc4 36. Kg2 Qe6 37. Rh1 exf4 0-1

[Event "SVK-chT2C 1415"]
[Site "Slovakia"]
[Date "2014.10.12"]
[Round "2.3"]
[White "Zagrapan, Pavol"]
[Black "Hros, Roman"]
[Result "0-1"]
[WhiteElo "2070"]
[BlackElo "2111"]
[PlyCount "44"]
[EventDate "2014.10.11"]
[EventType "team-tourn"]
[EventRounds "11"]
[EventCountry "SVK"]
[SourceTitle "EXT 2016"]
[Source "ChessBase"]
[SourceDate "2015.10.08"]
[SourceVersion "1"]
[SourceVersionDate "2015.10.08"]
[SourceQuality "1"]
[WhiteTeam "Cadca Caissa II"]
[BlackTeam "Liptov Chess School III"]
[WhiteTeamCountry "SVK"]
[BlackTeamCountry "SVK"]

1. e4 c5 2. Nf3 e6 3. d4 cxd4 4. Nxd4 Nc6 5. Nxc6 bxc6 6. Nc3 d5 7. exd5 cxd5 8. Bd3 Nf6 9. Bg5 Be7 10. 0-0 0-0 11. Re1 Qa5 12. Qe2 Rb8 13. Qe5 Nd7 14. Qg3 Bxg5 15. Qxg5 h6 16. Qg3 Rxb2 17. Ne2 Ba6 18. Nf4 Bxd3 19. Nxd3 Rxc2 20. Qd6 Qc7 21. Qa6 Nc5 22. Nxc5 Qxc5 0-1

[Event "SVK-chT2C 1314"]
[Site "Slovakia"]
[Date "2014.02.22"]
[Round "8.4"]
[White "Zagrapan, Pavol"]
[Black "Banduka, Zeljko"]
[Result "0-1"]
[WhiteElo "2107"]
[BlackElo "2101"]
[PlyCount "117"]
[EventDate "2013.10.19"]
[EventType "team-tourn"]
[EventRounds "11"]
[EventCountry "SVK"]
[SourceTitle "EXT 2015"]
[Source "ChessBase"]
[SourceDate "2014.11.20"]
[SourceVersion "1"]
[SourceVersionDate "2014.11.20"]
[SourceQuality "1"]
[WhiteTeam "Cadca II"]
[BlackTeam "Liptovska Stiavnica"]
[WhiteTeamCountry "SVK"]
[BlackTeamCountry "SVK"]

1. e4 c6 2. d4 d5 3. e5 Bf5 4. Nc3 e6 5. Nge2 c5 6. Ng3 Bg6 7. Bb5+ Nc6 8. 0-0 cxd4 9. Qxd4 Nge7 10. Bg5 a6 11. Bxc6+ Nxc6 12. Qd2 Qb6 13. Rab1 h6 14. Bf4 Qd4 15. Rbd1 Qxd2 16. Rxd2 Bb4 17. Nge2 Rc8 18. a3 Ba5 19. Bg3 0-0 20. Rc1 Rfd8 21. Rdd1 b5 22. Nb1 Bb6 23. c3 Bh5 24. Re1 g5 25. Nd2 a5 26. Kf1 Bg6 27. Nf3 Bd3 28. Red1 Bc4 29. Ke1 Bb3 30. Rd2 b4 31. Nfd4 Nxd4 32. Nxd4 bxc3 33. bxc3 Ba4 34. f4 Bc5 35. Ra1 Bxd4 36. cxd4 Rc3 37. fxg5 hxg5 38. Rb2 Rdc8 39. Ke2 Rc2+ 40. Rxc2 Rxc2+ 41. Kf3 Bb3 42. Kg4 Rxg2 43. Kxg5 Rd2 44. h4 Rxd4 45. Bf4 Bd1 46. Rb1 Kg7 47. Rb2 Bf3 48. Rb3 Be2 49. Rg3 Rd1 50. Rg2 Bf3 51. Rg3 Be4 52. Be3 d4 53. Kf4+ Bg6 54. Bf2 Kh7 55. Kg5 d3 56. h5 Bxh5 57. Rh3 d2 58. Rxh5+ Kg7 59. Kf4 0-1

[Event "SVK-chT 1314"]
[Site "Slovakia"]
[Date "2014.01.26"]
[Round "6.8"]
[White "Nemergut, Patrik"]
[Black "Zagrapan, Pavol"]
[Result "1/2-1/2"]
[WhiteElo "1978"]
[BlackElo "2107"]
[PlyCount "111"]
[EventDate "2013.11.09"]
[EventType "team-tourn"]
[EventRounds "11"]
[EventCountry "SVK"]
[SourceTitle "EXT 2015"]
[Source "ChessBase"]
[SourceDate "2014.11.20"]
[SourceVersion "1"]
[SourceVersionDate "2014.11.20"]
[SourceQuality "1"]
[WhiteTeam "Stara Lubovna"]
[BlackTeam "Cadca"]
[WhiteTeamCountry "SVK"]
[BlackTeamCountry "SVK"]

1. e4 e6 2. b3 d5 3. Bb2 dxe4 4. Nc3 Nf6 5. Qe2 Bb4 6. 0-0-0 Qe7 7. Nxe4 Ba3 8. d4 Bxb2+ 9. Kxb2 0-0 10. g4 a5 11. Nxf6+ Qxf6 12. g5 Qe7 13. Qe4 a4 14. Rd3 axb3 15. Rxb3 Qxg5 16. Bd3 f5 17. Qe5 Nc6 18. Qxc7 Nxd4 19. Nh3 Qf6 20. Rc3 b5 21. a3 Rf7 22. Qd6 e5 23. Qxf6 Rxf6 24. Rc5 Bb7 25. Rd1 Re8 26. Bxb5 Nxb5 27. Rxb5 Be4 28. Ng5 h6 29. Nxe4 fxe4 30. Rd2 Rg6 31. Re2 Rg2 32. h3 Rh2 33. Rb3 Kf7 34. a4 Ke6 35. a5 Ra8 36. Ra3 e3 37. Rexe3 Rxf2 38. a6 Rf7 39. Ra5 Rf5 40. a7 g5 41. Rb3 Rf7 42. Ra6+ Kd5 43. Rb5+ Kc4 44. Rba5 Re7 45. Ra4+ Kd5 46. Kc3 h5 47. Kd3 e4+ 48. Rxe4 Raxa7 49. c4+ Kc5 50. Rxa7 Rxa7 51. Re5+ Kc6 52. Rxg5 Ra3+ 53. Kd4 Rxh3 54. Rg6+ Kd7 55. Kd5 Rd3+ 56. Ke4 1/2-1/2

[Event "SVK-chT2C 1314"]
[Site "Slovakia"]
[Date "2014.01.12"]
[Round "6.4"]
[White "Zagrapan, Pavol"]
[Black "Tomcik, Milan"]
[Result "1-0"]
[WhiteElo "2107"]
[BlackElo "2022"]
[PlyCount "75"]
[EventDate "2013.10.19"]
[EventType "team-tourn"]
[EventRounds "11"]
[EventCountry "SVK"]
[SourceTitle "EXT 2015"]
[Source "ChessBase"]
[SourceDate "2014.11.20"]
[SourceVersion "1"]
[SourceVersionDate "2014.11.20"]
[SourceQuality "1"]
[WhiteTeam "Cadca II"]
[BlackTeam "Rajecke Teplice"]
[WhiteTeamCountry "SVK"]
[BlackTeamCountry "SVK"]

1. e4 c6 2. d4 d5 3. e5 Bf5 4. Nc3 e6 5. g4 Bg6 6. Nge2 c5 7. h4 h5 8. Nf4 Bh7 9. Nxh5 a6 10. dxc5 Qc7 11. Be3 Qxe5 12. Qd2 Bxc5 13. 0-0-0 Bxe3 14. fxe3 Nc6 15. Bd3 0-0-0 16. Bxh7 Rxh7 17. Ne2 g6 18. Nhf4 Nf6 19. Nd3 Qd6 20. g5 Ne4 21. Qe1 Rdh8 22. Nd4 Nxg5 23. Nxc6 bxc6 24. Qa5 Rxh4 25. Rhf1 Kd7 26. Qxa6 Rc8 27. e4 Rxe4 28. Qa7+ Qc7 29. Qg1 c5 30. Qxg5 Kc6 31. Rde1 Rxe1+ 32. Rxe1 Ra8 33. a3 c4 34. Ne5+ Kb5 35. Qe3 Rh8 36. Qd4 Rh5 37. Qc3 Ka6 38. Nxg6 1-0

[Event "SVK-chT 1213"]
[Site "Slovakia"]
[Date "2013.03.01"]
[Round "9.1"]
[White "Magat, Jozef"]
[Black "Zagrapan, Pavol"]
[Result "1/2-1/2"]
[WhiteElo "2117"]
[BlackElo "2110"]
[PlyCount "21"]
[EventDate "2012.10.27"]
[EventType "team-tourn"]
[EventRounds "11"]
[EventCountry "SVK"]
[SourceTitle "EXT 2014"]
[Source "ChessBase"]
[SourceDate "2013.11.20"]
[SourceVersion "1"]
[SourceVersionDate "2013.11.20"]
[SourceQuality "1"]
[WhiteTeam "Dunajov"]
[BlackTeam "Cadca"]
[WhiteTeamCountry "SVK"]
[BlackTeamCountry "SVK"]

1. Nf3 Nf6 2. d4 d5 3. c4 c6 4. Nc3 dxc4 5. a4 Bf5 6. e3 e6 7. Bxc4 Bb4 8. 0-0 0-0 9. Qb3 Qe7 10. Ne5 a5 11. f3 1/2-1/2

[Event "SVK-chT2C 1213"]
[Site "Slovakia"]
[Date "2013.02.02"]
[Round "7.2"]
[White "Zagrapan, Pavol"]
[Black "Pechac, Jergus"]
[Result "1/2-1/2"]
[WhiteElo "2110"]
[BlackElo "2064"]
[PlyCount "134"]
[EventDate "2012.10.13"]
[EventType "team-tourn"]
[EventRounds "11"]
[EventCountry "SVK"]
[SourceTitle "EXT 2015"]
[Source "ChessBase"]
[SourceDate "2014.11.20"]
[SourceVersion "1"]
[SourceVersionDate "2014.11.20"]
[SourceQuality "1"]
[WhiteTeam "Cadca Caissa II"]
[BlackTeam "Zilina Mladost II"]
[WhiteTeamCountry "SVK"]
[BlackTeamCountry "SVK"]

1. e4 c5 2. Nf3 Nc6 3. Bb5 Qb6 4. Nc3 e6 5. Bxc6 Qxc6 6. 0-0 g6 7. d4 Bg7 8. d5 Qa6 9. a4 Bxc3 10. bxc3 Qc4 11. Re1 Qxc3 12. Ra3 Qg7 13. Bf4 f6 14. dxe6 dxe6 15. Bd6 b6 16. a5 Bb7 17. axb6 axb6 18. Rxa8+ Bxa8 19. Qb1 Qa7 20. Qb3 Kf7 21. Qb2 h6 22. Ra1 Qb7 23. Bxc5 bxc5 24. Qxb7+ Bxb7 25. Ra7 Ne7 26. Rxb7 Ra8 27. Ne1 f5 28. exf5 gxf5 29. Kf1 Kf6 30. Rb5 Rc8 31. Nd3 c4 32. Nb4 f4 33. Rb6 Ke5 34. Ke2 h5 35. Kf3 Rc5 36. g3 fxg3 37. hxg3 Nd5 38. Nxd5 exd5 39. c3 Ra5 40. Rh6 Ra3 41. Rxh5+ Kd6 42. g4 d4 43. Ke4 Rxc3 44. Rd5+ Ke6 45. Rxd4 Rc1 46. f4 Re1+ 47. Kf3 c3 48. Rc4 Rc1 49. Ke4 c2 50. f5+ Kd6 51. Kd3 Kd5 52. Ra4 Rg1 53. Kxc2 Rg3 54. Kd2 Ke5 55. Ke2 Rb3 56. Rc4 Ra3 57. Rc8 Ra2+ 58. Kf3 Ra3+ 59. Kg2 Rb3 60. Re8+ Kf4 61. f6 Rb7 62. Re7 Rb2+ 63. Kh3 Rb6 64. Rf7 Kg5 65. Kg3 Rxf6 66. Rxf6 Kxf6 67. Kf4 Kg6 1/2-1/2

[Event "SVK-chT2C 1213"]
[Site "Slovakia"]
[Date "2012.12.16"]
[Round "6.3"]
[White "Zagrapan, Pavol"]
[Black "Adamko, Peter"]
[Result "1/2-1/2"]
[WhiteElo "2110"]
[BlackElo "2115"]
[PlyCount "37"]
[EventDate "2012.10.13"]
[EventType "team-tourn"]
[EventRounds "11"]
[EventCountry "SVK"]
[SourceTitle "EXT 2015"]
[Source "ChessBase"]
[SourceDate "2014.11.20"]
[SourceVersion "1"]
[SourceVersionDate "2014.11.20"]
[SourceQuality "1"]
[WhiteTeam "Cadca Caissa II"]
[BlackTeam "Zilina DMS"]
[WhiteTeamCountry "SVK"]
[BlackTeamCountry "SVK"]

1. e4 c5 2. Nf3 d6 3. Bb5+ Bd7 4. Bxd7+ Qxd7 5. 0-0 Nc6 6. c3 g6 7. d4 Bg7 8. dxc5 dxc5 9. Qxd7+ Kxd7 10. Be3 b6 11. Nbd2 Nf6 12. Ng5 Ke8 13. Rfe1 Ng4 14. Nf1 Nxe3 15. Nxe3 h6 16. Nf3 e6 17. Red1 Ke7 18. Kf1 Rhd8 19. Ke2 1/2-1/2

[Event "SVK-chT1E 1213"]
[Site "Slovakia"]
[Date "2012.12.09"]
[Round "4.3"]
[White "Bednar, Milan"]
[Black "Zagrapan, Pavol"]
[Result "1-0"]
[WhiteElo "2241"]
[BlackElo "2110"]
[PlyCount "113"]
[EventDate "2012.10.20"]
[EventType "team-tourn"]
[EventRounds "11"]
[EventCountry "SVK"]
[SourceTitle "EXT 2014"]
[Source "ChessBase"]
[SourceDate "2013.11.20"]
[SourceVersion "1"]
[SourceVersionDate "2013.11.20"]
[SourceQuality "1"]
[WhiteTeam "Bardejov"]
[BlackTeam "Kysucke Nove Mesto"]
[WhiteTeamCountry "SVK"]
[BlackTeamCountry "SVK"]

1. d4 c5 2. Nf3 cxd4 3. Nxd4 Nc6 4. c4 Nf6 5. Nc3 g6 6. e4 d6 7. Be2 Bg7 8. Be3 0-0 9. 0-0 Bd7 10. h3 a6 11. Qd2 Rc8 12. Rac1 Re8 13. Rfd1 Nxd4 14. Bxd4 Bc6 15. f3 Nh5 16. Be3 Qa5 17. Rc2 b5 18. cxb5 Bxc3 19. Rxc3 axb5 20. Rdc1 Qa8 21. Qc2 Bd7 22. Qb3 Rxc3 23. Rxc3 Rb8 24. Rc7 Be6 25. Qc2 Qxa2 26. Rxe7 Rc8 27. Bd4 Bc4 28. Ra7 Qb3 29. Qxb3 Bxb3 30. Bxb5 Nf4 31. Bc3 d5 32. Kf2 dxe4 33. fxe4 Ne6 34. Ke3 h6 35. Ba6 Re8 36. Bb7 g5 37. g3 f5 38. exf5 Ng7+ 39. Kf3 Nxf5 40. Ra8 Rxa8 41. Bxa8 Kf7 42. Be4 Ke6 43. g4 Nd6 44. Bd3 Bd5+ 45. Kg3 Ne4+ 46. Bxe4 Bxe4 47. Bg7 h5 48. gxh5 Kf5 49. h6 Kg6 50. h4 gxh4+ 51. Kxh4 Kf7 52. b4 Bc6 53. Kg5 Bb5 54. Bd4 Bd3 55. b5 Ke6 56. b6 Kd7 57. Kf6 1-0

[Event "SVK-chT 1213"]
[Site "Slovakia"]
[Date "2012.11.25"]
[Round "4.1"]
[White "Mydlarik, Martin"]
[Black "Zagrapan, Pavol"]
[Result "0-1"]
[WhiteElo "2114"]
[BlackElo "2110"]
[PlyCount "73"]
[EventDate "2012.10.27"]
[EventType "team-tourn"]
[EventRounds "11"]
[EventCountry "SVK"]
[SourceTitle "EXT 2014"]
[Source "ChessBase"]
[SourceDate "2013.11.20"]
[SourceVersion "1"]
[SourceVersionDate "2013.11.20"]
[SourceQuality "1"]
[WhiteTeam "Modra"]
[BlackTeam "Cadca"]
[WhiteTeamCountry "SVK"]
[BlackTeamCountry "SVK"]

1. e4 e6 2. d4 d5 3. Nc3 Nf6 4. Bg5 Be7 5. e5 Nfd7 6. h4 Bxg5 7. hxg5 Qxg5 8. Nh3 Qe7 9. Nf4 Nc6 10. Qd2 Nb6 11. 0-0-0 Bd7 12. Nh5 0-0-0 13. Nxg7 Nxd4 14. Qxd4 Qg5+ 15. f4 Qxg7 16. Bd3 Kb8 17. g4 Rc8 18. Rdg1 c5 19. Qf2 h6 20. Rh3 f6 21. exf6 Qxf6 22. Qg3 Ka8 23. g5 hxg5 24. Rxh8 Qxh8 25. fxg5 c4 26. Be2 Qg7 27. Nd1 d4 28. Bf3 Be8 29. Be4 Bg6 30. Re1 Nd5 31. Bxd5 exd5 32. Qd6 Be4 33. Rg1 Rg8 34. Nf2 Qg6 35. Nxe4 Qxe4 36. Kb1 d3 37. cxd3 0-1

[Event "SVK-chT2C 1213"]
[Site "Slovakia"]
[Date "2012.10.13"]
[Round "1.3"]
[White "Zagrapan, Pavol"]
[Black "Mraz, Ondrej"]
[Result "1-0"]
[WhiteElo "2110"]
[BlackElo "2024"]
[PlyCount "39"]
[EventDate "2012.10.13"]
[EventType "team-tourn"]
[EventRounds "11"]
[EventCountry "SVK"]
[SourceTitle "EXT 2015"]
[Source "ChessBase"]
[SourceDate "2014.11.20"]
[SourceVersion "1"]
[SourceVersionDate "2014.11.20"]
[SourceQuality "1"]
[WhiteTeam "Cadca Caissa II"]
[BlackTeam "Liptov Chess School II"]
[WhiteTeamCountry "SVK"]
[BlackTeamCountry "SVK"]

1. e4 e5 2. Nf3 Nc6 3. d4 exd4 4. c3 d5 5. exd5 Qxd5 6. cxd4 Bg4 7. Be2 0-0-0 8. Nc3 Bb4 9. 0-0 Qa5 10. Be3 Nge7 11. Nd2 Bxe2 12. Qxe2 Nf5 13. Qg4 Ncxd4 14. Nb3 Nxb3 15. axb3 Qe5 16. Qxb4 Nxe3 17. fxe3 Qxe3+ 18. Kh1 Rd4 19. Qc5 Rhd8 20. Nb5 1-0